Advanced theory of semiconductor devices /

Gespeichert in:
Bibliographische Detailangaben
1. Verfasser: Hess, K (Verfasst von)
Format: Buch
Sprache:Englisch
Veröffentlicht: Englewood Cliffs : Prentice Hall, 1988
Tags: Tag hinzufügen
Keine Tags, Fügen Sie das erste Tag hinzu!

MARC

LEADER 00000nam a22000003a 4500
001 stu2909
005 20150617225703.9
008 930122s1988----xxu-----------------eng-d
040 |a STU  |b slo 
041 0 |a eng 
044 |a xxu 
080 |a 621.382 
080 |a 538.9  |7 stu_us_auth*stu7967 
100 1 |a Hess, K  |4 aut 
245 1 |a Advanced theory of semiconductor devices /  |c [aut.] Hess,K 
260 |a Englewood Cliffs :  |b Prentice Hall,  |c 1988 
300 |a 267 s 
996 |b E67352  |c E*67352  |l EE11  |s P  |a 0  |w stu2909_0001